Rembrandt (Record no. 4915)
[ view plain ]
| 000 -CABECERA | |
|---|---|
| campo de control de longitud fija | 00801nam a2200253 a 4500 |
| 001 - NÚMERO DE CONTROL | |
| campo de control | BRCA_5221 |
| 005 - FECHA Y HORA DE LA ÚLTIMA TRANSACCIÓN | |
| campo de control | 20190320205005.0 |
| 008 - DATOS DE LONGITUD FIJA--INFORMACIÓN GENERAL | |
| campo de control de longitud fija | 261110s1918----gw-a######---#000-0#ger-# |
| 041 ## - CÓDIGO DE LENGUA | |
| Código de lengua del texto/banda sonora o título independiente | ger |
| 044 ## - CÓDIGO DEL PAÍS DE LA ENTIDAD EDITORA/PRODUCTORA | |
| Código MARC del país | gw |
| 050 #4 - SIGNATURA TOPOGRÁFICA DE LA BIBLIOTECA DEL CONGRESO | |
| Número de clasificación | ND653 |
| Número de documento/Ítem | .V47 1918 |
| 100 1# - ENTRADA PRINCIPAL--NOMBRE DE PERSONA | |
| Nombre de persona | Verhaeren, Émile |
| 9 (RLIN) | 13370 |
| 245 10 - MENCIÓN DE TÍTULO | |
| Título | Rembrandt |
| Mención de responsabilidad, etc. | Émile Verhaeren ; übertragung von Stefan Zweig. |
| 260 ## - PUBLICACIÓN, DISTRIBUCIÓN, ETC. | |
| Lugar de publicación, distribución, etc. | Leipzig, Alemania |
| Nombre del editor, distribuidor, etc. | Insel |
| Fecha de publicación, distribución, etc. | 1918 |
| 300 ## - DESCRIPCIÓN FÍSICA | |
| Extensión | 102 p. |
| Otras características físicas | il., 96 láminas |
| Dimensiones | 23 cm. |
| 500 ## - NOTA GENERAL | |
| Nota general | Incluye índice de ilustraciones y de grabados |
| 500 ## - NOTA GENERAL | |
| Nota general | Con ex-libris de: Comitis Maximiliani Ludovici, Holnstein, Ex Bavaria |
| 500 ## - NOTA GENERAL | |
| Nota general | E55 |
| 600 14 - PUNTO DE ACCESO ADICIONAL DE MATERIA--NOMBRE DE PERSONA | |
| Nombre de persona | Harmenszoon van Rijn, Rembrandt |
| Fechas asociadas al nombre | 1606-1669 |
| 9 (RLIN) | 13371 |
| 650 14 - PUNTO DE ACCESO ADICIONAL DE MATERIA--TÉRMINO DE MATERIA | |
| Término de materia o nombre geográfico como elemento de entrada | Pintores holandeses |
| 9 (RLIN) | 13372 |
| 700 1# - PUNTO DE ACCESO ADICIONAL--NOMBRE DE PERSONA | |
| Nombre de persona | Zweig, Stefan |
| 9 (RLIN) | 13373 |
| 902 ## - CATALOGADOR | |
| Iniciales | GFM |
| 942 ## - ELEMENTOS DE PUNTO DE ACCESO ADICIONAL (KOHA) | |
| Fuente del sistema de clasificación o colocación | Library of Congress Classification |
| Tipo de ítem Koha | Libros |
| Estado de retiro | Estado de pérdida | Estado dañado | No para préstamo | Localización permanente | Ubicación/localización actual | Fecha de adquisición | Número de inventario | Total de préstamos | Signatura topográfica completa | Código de barras | Fecha visto por última vez | Precio válido a partir de | Tipo de ítem Koha |
|---|---|---|---|---|---|---|---|---|---|---|---|---|---|
| El ejemplar forma parte de la colección y puede ser consultado según las políticas vigentes. | Biblioteca del Museo Franz Mayer (Rogerio Casas-Alatriste) | Biblioteca del Museo Franz Mayer (Rogerio Casas-Alatriste) | 26/11/2010 | E55 | ND653 .V47 1918 (E55) | 5656 | 22/03/2019 | 22/03/2019 | Libros |